Score 0/20 Timer 03:00
0 Plays Today
Title Missing word % Correct
America's Got ________Talent
99.2%
Dancing with the ________Stars
98.3%
So You Think You Can ________Dance
98.3%
America's Next Top ________Model
98%
The Biggest ________Loser
94.9%
Hell's ________Kitchen
94.4%
Weakest ________Link
93.1%
The Amazing ________Race
88.1%
Fear ________Factor
87.1%
Jon & Kate Plus ________8
86.3%
Title Missing word % Correct
Project ________Runway
85.8%
Wife ________Swap
85.8%
American ________Idol
84.3%
Dog ________ DogEat
83%
The Deadliest ________Catch
82.2%
Extreme ________Makeover/Couponing
79.6%
Boot ________Camp
79.1%
The Simple ________Life
69%
Temptation ________Island
64.5%
Flavor of ________Love
58%

Today's Daily Dose

Remove Ads.
Support Sporcle.
Get the best of Sporcle when you Go Orange. This ad-free experience offers more features, more stats, and more fun while also helping to support Sporcle. Thank you for becoming a member.

You're not logged in!

Compare scores with friends on all Sporcle quizzes.
OR
Log In

Show Comments

Extras

Top Quizzes Today


Score Distribution

Your Account Isn't Verified!

In order to create a playlist on Sporcle, you need to verify the email address you used during registration. Go to your Sporcle Settings to finish the process.

Report this User

Report this user for behavior that violates our Community Guidelines.

Details: